Device Management Platform / (Record no. 230129)
[ view plain ]
| 000 -LEADER | |
|---|---|
| fixed length control field | 00472nam a22001457a 4500 |
| 005 - DATE AND TIME OF LATEST TRANSACTION | |
| control field | 20260324144132.0 |
| 008 - FIXED-LENGTH DATA ELEMENTS--GENERAL INFORMATION | |
| fixed length control field | 240307b ||||| |||| 00| 0 eng d |
| 040 ## - CATALOGING SOURCE | |
| Transcribing agency | AIMIT LIBRARY |
| 100 ## - MAIN ENTRY--PERSONAL NAME | |
| Personal name | Augustin, Abin |
| Relator term | 2117001 |
| 9 (RLIN) | 153338 |
| 245 ## - TITLE STATEMENT | |
| Title | Device Management Platform / |
| Statement of responsibility, etc. | By Abin Augustin |
| 700 ## - ADDED ENTRY--PERSONAL NAME | |
| Personal name | Pinto, Jeevan |
| Relator term | Mentor |
| 9 (RLIN) | 153339 |
| 700 ## - ADDED ENTRY--PERSONAL NAME | |
| Personal name | Shetty, Raghavendra G |
| Relator term | Guide |
| 9 (RLIN) | 153340 |
| 856 ## - ELECTRONIC LOCATION AND ACCESS | |
| Materials specified | RDL Technologies Pvt.Ltd, Mangauru |
| Uniform Resource Identifier | <a href="www.rdltech.in">www.rdltech.in</a> |
| 942 ## - ADDED ENTRY ELEMENTS (KOHA) | |
| Source of classification or shelving scheme | Dewey Decimal Classification |
| Koha item type | Project Report |
| Withdrawn status | Lost status | Source of classification or shelving scheme | Damaged status | Not for loan | Collection code | Home library | Current library | Date acquired | Total Checkouts | Barcode | Date last seen | Copy number | Uniform Resource Identifier | Price effective from | Koha item type |
|---|---|---|---|---|---|---|---|---|---|---|---|---|---|---|---|
| Dewey Decimal Classification | Not for loan | Project Report MCA | St Aloysius Institute of Management & Information Technology | St Aloysius Institute of Management & Information Technology | 03/07/2024 | PRC01359 | 03/07/2024 | 2117001 | www.rdltech.in | 03/07/2024 | Project Report |